| 000 | 00615nam a2200205Ia 4500 | ||
|---|---|---|---|
| 005 | 20250508163354.0 | ||
| 008 | 008 250505s9999 xx 000 0 eng d | ||
| 037 | _aTextual | ||
| 040 |
_aFEDL _beng _cFEDL |
||
| 041 |
_aeng _2eng |
||
| 084 |
_a001.4, CEN _qFEDL |
||
| 100 | _aCorey Stephen M | ||
| 245 | 0 | _aSome thoughts about educational research | |
| 245 | 4 | _cThe Centre for Advanced Study in Education | |
| 260 |
_aBaroda, India _bFaculty of Education and Psychology _c1964 |
||
| 300 | _a35p. | ||
| 650 | _aEducational Research | ||
| 942 |
_cTEXL _h001.4, CEN |
||
| 999 |
_c1382625 _d1382625 |
||